Fußball-Quiz: Die einzige Weltmeisterschaft ... - Statistiken

Allgemein
  • Dieses Quiz wurde 4.854 mal gespielt
    4.540 seit der letzten Aktualisierung
  • Das Durchschnittsergebnis liegt bei 10 aus 22
Antwortstatistiken
Die einzige WM-Endrunde, ... Antwort % Korrekt
... die in Afrika stattfand Südafrika 2010
98%
... bei der eine afrikanische Mannschaft unter die besten vier Mannschaften kam Katar 2022
84%
... bei der eine europäische Mannschaft in Südamerika Weltmeister wurde Brasilien 2014
83%
... die in zwei Ländern ausgetragen wurde Japan/Südkorea 2002
76%
... an der sowohl Pelé als auch Gerd Müller teilnahmen Mexiko 1970
63%
... bei der es die gleiche Finalpaarung wie bei der vorherigen WM gab Italien 1990
55%
... bei der der Gastgeber im Finale den amtierenden Weltmeister besiegte Frankreich 1998
53%
... bei der eine südamerikanische Mannschaft in Europa Weltmeister wurde Schweden 1958
53%
... an der die DDR teilnahm Deutschland 1974
52%
... für die es keine Qualifikation gab Uruguay 1930
42%
... bei der der Gastgeber Weltmeister wurde und den Torschützenkönig stellte Argentinien 1978
41%
... bei der England ein Elfmeterschießen gewann Russland 2018
38%
... bei der Argentinien ein Elfmeterschießen verlor Deutschland 2006
37%
... bei der ein Portugiese Torschützenkönig wurde England 1966
35%
... die nur aus Gruppenspielen bestand Brasilien 1950
32%
... bei der ein Spieler 5 Tore in einem Spiel erzielte USA 1994
31%
... für die sich auch der Gastgeber qualifizieren musste Italien 1934
30%
... bei der Deutschland trotz Teilnahme kein Spiel gewann Frankreich 1938
26%
... bei der kein Spieler mehr als 4 Tore erzielte Chile 1962
24%
... bei der es in einer Zwischenrunde Dreiergruppen gab Spanien 1982
23%
... an der der Irak teilnahm Mexiko 1986
22%
... bei der es in der Gruppenphase bei Remis eine Verlängerung gab Schweiz 1954
22%
Keine übereinstimmenden Quizze gefunden
Verteilung der Resultate
Anzahl Personen mit jedem Resultat
Perzentil nach korrekt beantworteten Fragen
Ihre Resultats-Entwicklung
Sie haben dieses Quiz seit der letzten Aktualisierung nicht gespielt